Busiest North American Ports on a Map - Statistics

General Stats
  • This quiz has been taken 250 times
  • The average score is 22 of 36
Answers on the Map
Answers color-coded by a green-red scale on the quiz's map according to % correct below.
 
Answer Stats
Port
Weight Handled
(in metric tonnes)
TEU
Passengers
Handled
% Correct
Port of New York and New Jersey 123,263,448 6,710,817
98%
Miami 5,591,839
96%
Los Angeles 59,716,848 9,343,191 518,904
95%
Seattle 1,690,532 1,114,888
94%
Vancouver 147,093,499 3,396,449
93%
Montréal 1,679,351
91%
New Orleans 87,399,608 1,137,401
91%
Houston 235,932,295 2,459,107
90%
Honolulu 1,213,489
89%
Tampa Bay 1,204,230
87%
Baltimore 41,254,177
83%
Nassau 3,629,795
82%
Port of Virginia 61,009,562 2,841,017
81%
Oakland 2,420,837
74%
Juneau 1,061,853
73%
San Juan 1,379,367
73%
Key West 890,000
72%
Savannah 4,046,213
72%
Mobile 52,759,368
71%
Charleston 2,177,558
70%
Long Beach 78,015,250 7,544,507 1,321,696
66%
Baton Rouge 69,865,056
64%
Port Everglades 3,772,669
62%
Galveston 3,940,466
61%
Tacoma 2,011,647
60%
Corpus Christi 79,217,853
59%
Ketchikan 1,073,923
30%
Beaumont 81,136,177
29%
Cozumel 4,265,525
29%
Lake Charles 49,275,419
22%
Canaveral 4,804,995
21%
Basseterre 951,021
16%
Manzanillo 3,078,513
14%
Port of South Louisiana 249,533,938
11%
Lázaro Cárdenas 1,314,798
7%
Plaquemines 49,410,640
4%
No matching quizzes found
Score Distribution
Percent of People with Each Score
Percentile by Number Answered
Your Score History
You have not taken this quiz